000 00435nam a22001577a 4500
999 _c60581
_d60581
005 20230912120001.0
008 230912s1955 enk||||| |||| 00| 0 eng d
041 _aeng
080 _a902 Cha-43
100 _aCharleston, R.J.
_919803
245 _aRoman Pottery /
_cR.J. Charleston.
264 _aLondon,
_c1955.
300 _a48 p.:
_b+41 ill.;
_c25 cm.
653 _aრომაული კერამიკა
942 _2udc
_cBK